MARC details
| 000 -CABECERA |
| campo de control de longitud fija |
03453nam a2200373 a 4500 |
| 003 - IDENTIFICADOR DEL NÚMERO DE CONTROL |
| campo de control |
CHAP |
| 005 - FECHA Y HORA DE LA ÚLTIMA TRANSACCIÓN |
| campo de control |
20250129105003.0 |
| 007 - CAMPO FIJO DE DESCRIPCIÓN FÍSICA--INFORMACIÓN GENERAL |
| campo de control de longitud fija |
ta |
| 008 - DATOS DE LONGITUD FIJA--INFORMACIÓN GENERAL |
| campo de control de longitud fija |
250129s2024 mx ao||fom||| 001 0 spa d |
| 040 ## - FUENTE DE LA CATALOGACIÓN |
| Normas de descripción |
rda |
| 041 ## - CÓDIGO DE LENGUA |
| Código de lengua del texto/banda sonora o título independiente |
spa |
| Código de lengua del sumario o resumen |
eng |
| 100 1# - ENTRADA PRINCIPAL--NOMBRE DE PERSONA |
| Nombre de persona |
González Pérez, Rebeca |
| 9 (RLIN) |
189449 |
| 245 10 - MENCIÓN DE TÍTULO |
| Título |
Aprovechamiento de residuos sólidos en la industria vinícola para la elaboración de un producto alimenticio / |
| Mención de responsabilidad, etc. |
Rebeca González Pérez |
| 264 ## - PRODUCCIÓN, PUBLICACIÓN, DISTRIBUCIÓN, FABRICACIÓN Y COPYRIGHT |
| Producción, publicación, distribución, fabricación y copyright |
Chapingo, México : |
| Nombre del de productor, editor, distribuidor, fabricante |
El autor, |
| Fecha de producción, publicación, distribución, fabricación o copyright |
2024 |
| 300 ## - DESCRIPCIÓN FÍSICA |
| Extensión |
1 recurso en línea ( iii, 43 páginas) : |
| Otras características físicas |
ilustraciones, tablas, fotografías |
| 336 ## - TIPO DE CONTENIDO |
| Fuente |
rdacontent |
| Término de tipo de contenido |
texto |
| Código de tipo de contenido |
txt |
| 337 ## - TIPO DE MEDIO |
| Fuente |
rdamedia |
| Nombre/término del tipo de medio |
computadora |
| Código del tipo de medio |
c |
| 338 ## - TIPO DE SOPORTE |
| Fuente |
rdacarrier |
| Nombre/término del tipo de soporte |
recurso en línea |
| Código del tipo de soporte |
cr |
| 502 ## - NOTA DE TESIS |
| Nota de tesis |
Informe de Estancia Preprofesional |
| Tipo de título |
(Ingeniero Agroindustrial) -- |
| Nombre de la institución que otorga el título |
Departamento de Ingeniería Agroindustrial, |
| Año de obtención del título |
2024 |
| Información miscelánea |
Licenciatura |
| 504 ## - NOTA DE BIBLIOGRAFÍA, ETC. |
| Nota de bibliografía, etc. |
Bibliografía: páginas 36-39 |
| 520 3# - SUMARIO, ETC. |
| Sumario, etc. |
La creciente industria vinícola mexicana es responsable de aproximadamente el 20% de los residuos globales de este sector, mayormente compuestos por orujo, que incluye hollejos, semillas y ramas de uva. Sin embargo, estos residuos no son simplemente desechos; representan una valiosa oportunidad para la producción de bioproductos de alto valor. En este contexto, surge un proyecto innovador: la elaboración de mermelada a partir de los residuos sólidos de una vinícola en Querétaro. Esta iniciativa tiene como objetivo principal agregar valor a un subproducto que históricamente ha sido subutilizado, al mismo tiempo que contribuye a la sostenibilidad de la industria al reducir su impacto ambiental. La mermelada de orujo aprovecha las propiedades nutricionales y funcionales de este residuo, que es rico en compuestos polifenólicos con reconocidas propiedades antioxidantes, antivirales y antimicrobianas. Además de su atractivo comercial, el proyecto se distingue por su compromiso con la sostenibilidad. |
| 520 3# - SUMARIO, ETC. |
| Sumario, etc. |
Mexico's growing wine industry is responsible for approximately 20% of the sector's global waste, mostly composed of pomace, which includes grape skins, seeds, and branches. However, these residues are not simply waste; they represent a valuable opportunity to produce high value bioproducts. In this context, an innovative project has arisen: the production of jam from the solid waste of a winery in Querétaro. The main objective of this initiative is to add value to a by-product that has historically been underutilized, while at the same time contributing to the sustainability of the industry by reducing its environmental impact. The pomace jam takes advantage of the nutritional and functional properties of this residue, which is rich in polyphenolic compounds with recognized antioxidant, antiviral and antimicrobial properties. In addition to its commercial appeal, the project stands out for its commitment to sustainability. |
| 650 13 - PUNTO DE ACCESO ADICIONAL DE MATERIA--TÉRMINO DE MATERIA |
| Término de materia o nombre geográfico como elemento de entrada |
Orujo de uva |
| Fuente del encabezamiento o término |
atg |
| 9 (RLIN) |
189983 |
| Subdivisión general |
Mermeladas |
| 650 13 - PUNTO DE ACCESO ADICIONAL DE MATERIA--TÉRMINO DE MATERIA |
| Término de materia o nombre geográfico como elemento de entrada |
Conservas |
| Fuente del encabezamiento o término |
atg |
| 9 (RLIN) |
153381 |
| 650 13 - PUNTO DE ACCESO ADICIONAL DE MATERIA--TÉRMINO DE MATERIA |
| Término de materia o nombre geográfico como elemento de entrada |
Aprovechamiento de desechos |
| Fuente del encabezamiento o término |
atg |
| 9 (RLIN) |
6374 |
| 650 13 - PUNTO DE ACCESO ADICIONAL DE MATERIA--TÉRMINO DE MATERIA |
| Término de materia o nombre geográfico como elemento de entrada |
Grape pomace |
| Fuente del encabezamiento o término |
atg |
| 9 (RLIN) |
189984 |
| Subdivisión general |
Jams |
| 650 13 - PUNTO DE ACCESO ADICIONAL DE MATERIA--TÉRMINO DE MATERIA |
| Término de materia o nombre geográfico como elemento de entrada |
Preserves |
| Fuente del encabezamiento o término |
atg |
| 9 (RLIN) |
153674 |
| 650 13 - PUNTO DE ACCESO ADICIONAL DE MATERIA--TÉRMINO DE MATERIA |
| Término de materia o nombre geográfico como elemento de entrada |
Waste utilization |
| Fuente del encabezamiento o término |
atg |
| 9 (RLIN) |
185562 |
| 700 1# - PUNTO DE ACCESO ADICIONAL--NOMBRE DE PERSONA |
| Nombre de persona |
Szymanski Duque, Rosa Guadalupe |
| 9 (RLIN) |
151434 |
| Término indicativo de función/relación |
directora |
| 700 1# - PUNTO DE ACCESO ADICIONAL--NOMBRE DE PERSONA |
| Nombre de persona |
Reyna Izaguirre, Diana América |
| 9 (RLIN) |
147338 |
| Término indicativo de función/relación |
asesora |
| 700 1# - PUNTO DE ACCESO ADICIONAL--NOMBRE DE PERSONA |
| Nombre de persona |
Ramayo Ramírez, José Orlando |
| 9 (RLIN) |
161734 |
| Término indicativo de función/relación |
asesor |
| 856 40 - LOCALIZACIÓN Y ACCESO ELECTRÓNICOS |
| Identificador Uniforme del Recurso |
http://10.13.5.2/tesis/tl/1410972-5_GONZALEZ_PEREZ_REBECA.pdf |
| Texto de enlace |
DESCARGAR PDF |
| 942 ## - ELEMENTOS DE PUNTO DE ACCESO ADICIONAL (KOHA) |
| Fuente del sistema de clasificación o colocación |
Clasificación Universidad Autónoma Chapingo |
| Tipo de ítem Koha |
Tesis digital |